000 00457nam a22001457a 4500
005 20150206150933.0
008 150206b xxu||||| |||| 00| 0 eng d
040 _cPK-LaUMT
082 _aKHC 297.7209
_bABU-M
100 _aابو سلیمان فضل
245 _aمسئلہ جہاد کشمیراور اسکی مختصر تاریخ
_cابو سلیمان فضل
260 _aکراچی
_bدین محمدی پریس
_c1948
300 _a281 ص
942 _cBK
999 _c65946
_d65946